Guess the Random Flags 2 - Statistics

General Stats
  • This quiz has been taken 53 times
  • The average score is 7 of 8
Answer Stats
Picture Answer % Correct
Finland
100%
Portugal
97%
South Korea
97%
Saudi Arabia
95%
Venezuela
95%
Cuba
92%
Senegal
82%
Rwanda
69%
No matching quizzes found
Score Distribution
Percent of People with Each Score
Percentile by Number Answered
Your Score History
You have not taken this quiz